[Event "Kimry-ch"]
[Site "Kimry"]
[Date "2005.01.??"]
[Round "1"]
[White "Kolpakov, Nikolay Anastasievi"]
[Black "Sharkov, Kirill"]
[Result "1-0"]
[WhiteElo "2115"]
[BlackElo "1950"]
[PlyCount "83"]
[EventDate "2005.01.??"]
[EventType "swiss"]
[EventRounds "9"]
[EventCountry "RUS"]
[SourceTitle "EXT 2006"]
[Source "ChessBase"]
[SourceDate "2005.11.24"]
[SourceVersion "1"]
[SourceVersionDate "2005.11.24"]
[SourceQuality "1"]

1. c4 e5 2. Nc3 Nf6 3. g3 Be7 4. Bg2 0-0 5. Nf3 Nc6 6. d4 exd4 7. Nxd4 Bc5 8. Nb3 Bb4 9. 0-0 Bxc3 10. bxc3 Re8 11. Qc2 Ne5 12. c5 d6 13. Rd1 Qe7 14. cxd6 cxd6 15. Nd4 Rb8 16. Rb1 Nc4 17. Nc6 bxc6 18. Rxb8 Nb6 19. Bg5 h6 20. Bxf6 Qxf6 21. Bxc6 Rd8 22. c4 Qe7 23. Bd5 Qc7 24. Rxb6 axb6 25. Qe4 Qd7 26. Rb1 Re8 27. Qf3 Qa7 28. Rxb6 Bg4 29. Bxf7+ Qxf7 30. Qxg4 Qc7 31. Qd4 Rd8 32. Qd5+ Kh8 33. Rb7 Qc8 34. a4 Qa8 35. a5 Qa6 36. Qb5 Qa8 37. a6 Qc8 38. a7 Rg8 39. Rb8 Qc7 40. Rxg8+ Kxg8 41. Qb8+ Qxb8 42. axb8Q+ 1-0

[Event "Kimry"]
[Site "Kimry"]
[Date "2003.??.??"]
[Round "4"]
[White "Prizant, Julia"]
[Black "Sharkov, Kirill"]
[Result "1/2-1/2"]
[WhiteElo "2035"]
[BlackElo "1942"]
[PlyCount "93"]
[EventDate "2003.??.??"]
[EventType "tourn"]
[EventRounds "11"]
[EventCountry "RUS"]
[SourceTitle "EXT 2006"]
[Source "ChessBase"]
[SourceDate "2005.11.24"]
[SourceVersion "1"]
[SourceVersionDate "2005.11.24"]
[SourceQuality "1"]

1. e4 e5 2. Nf3 Nc6 3. Bb5 a6 4. Ba4 Nf6 5. 0-0 Bc5 6. Re1 0-0 7. c3 b5 8. Bc2 Bb6 9. d4 d6 10. h3 h6 11. a4 Bd7 12. d5 Ne7 13. Nbd2 c6 14. dxc6 Bxc6 15. Nf1 Re8 16. Ng3 Ng6 17. Nf5 Re6 18. Bb3 d5 19. axb5 axb5 20. Rxa8 Bxa8 21. exd5 Bxd5 22. Be3 Bxe3 23. Nxe3 Rd6 24. Nxd5 Nxd5 25. Qe2 Nc7 26. Bc2 Ne7 27. Qxe5 Re6 28. Qh5 Rxe1+ 29. Nxe1 Qd2 30. Qd1 Qxd1 31. Bxd1 Ned5 32. Kf1 Kf8 33. Ke2 Ke7 34. Kd3 Kd6 35. Kd4 Ne6+ 36. Ke4 g6 37. Be2 f5+ 38. Kf3 Ng5+ 39. Kg3 Kc5 40. h4 Ne4+ 41. Kf3 Nd2+ 42. Kg3 Ne4+ 43. Kh2 Nxf2 44. Nd3+ Nxd3 45. Bxd3 Nf4 46. Bf1 b4 47. cxb4+ 1/2-1/2